[Event "Belgrade-chT Quality"]
[Site "Belgrade"]
[Date "2016.10.01"]
[Round "1.6"]
[White "Jovanovic, Ivan"]
[Black "Josipovic, Dragan"]
[Result "0-1"]
[WhiteElo "2018"]
[BlackElo "2082"]
[PlyCount "92"]
[EventDate "2016.10.01"]
[EventType "team-tourn"]
[EventRounds "11"]
[EventCountry "SRB"]
[SourceTitle "EXT 2018"]
[Source "ChessBase"]
[SourceDate "2017.10.13"]
[SourceVersion "1"]
[SourceVersionDate "2017.10.13"]
[SourceQuality "1"]

1. d4 d5 2. Nf3 Nf6 3. e3 e6 4. Bd3 c5 5. b3 cxd4 6. exd4 Nc6 7. a3 Be7 8. 0-0 0-0 9. Re1 a6 10. Bb2 b5 11. Nbd2 b4 12. a4 a5 13. Ne5 Qd6 14. Nxc6 Qxc6 15. Rc1 Ba6 16. c4 bxc3 17. Rxc3 Qb6 18. Bxa6 Qxa6 19. Rh3 Bb4 20. Ree3 Rfc8 21. Ref3 Bxd2 22. Rxf6 Qc6 23. Qxd2 Qc2 24. Qxc2 Rxc2 25. Rff3 Rxb2 26. g4 Rc8 27. Rc3 Rc2 28. Rxc8+ Rxc8 29. b4 axb4 30. Rb3 Rb8 31. Kg2 Kf8 32. Kf3 Ke7 33. Ke3 Kd6 34. f4 f6 35. h4 e5 36. g5 e4 37. f5 h6 38. gxf6 gxf6 39. a5 Kc6 40. Kd2 Kb5 41. Rg3 Kc4 42. Rg6 b3 43. Kc1 b2+ 44. Kb1 e3 45. Rg3 Kxd4 46. a6 e2 0-1

[Event "Belgrade-chT"]
[Site "Belgrade"]
[Date "2014.05.10"]
[Round "5"]
[White "Panic, Anastasija"]
[Black "Jovanovic, Ivan"]
[Result "0-1"]
[WhiteElo "1951"]
[BlackElo "2016"]
[PlyCount "66"]
[EventDate "2014.05.05"]
[EventType "swiss"]
[EventRounds "5"]
[EventCountry "SRB"]
[SourceTitle "CBM 160 Extra"]
[Source "ChessBase"]
[SourceDate "2014.07.01"]
[SourceVersion "1"]
[SourceVersionDate "2014.07.01"]
[SourceQuality "1"]

1. e4 d5 2. exd5 Qxd5 3. d4 Nf6 4. Nf3 a6 5. c4 Qd6 6. Be2 Bf5 7. 0-0 h6 8. Nc3 e6 9. Ne5 c5 10. Qa4+ Nbd7 11. Bf4 Qb6 12. d5 Be7 13. g4 Bh7 14. g5 hxg5 15. Bxg5 Rd8 16. Nxd7 Nxd7 17. Bxe7 Kxe7 18. Qb3 Qd6 19. f4 g5 20. Kh1 Bf5 21. dxe6 fxe6 22. Rad1 Qb8 23. Rfe1 Qxf4 24. Bh5 Qb8 25. Nd5+ Kf8 26. Qf3 g4 27. Qf4 Rxh5 28. Nc7 Kg8 29. Nxe6 Qxf4 30. Nxf4 Rh7 31. Nd5 Rf7 32. Re7 Kg7 33. Re2 Nf6 0-1

[Event "SCG-ch U16"]
[Site "Niska Banja"]
[Date "2004.??.??"]
[Round "1"]
[White "Nestorovic, Nikola"]
[Black "Jovanovic, Ivan"]
[Result "1-0"]
[WhiteElo "2125"]
[BlackElo "1998"]
[PlyCount "53"]
[EventDate "2004.04.??"]
[EventType "swiss"]
[EventRounds "9"]
[EventCountry "YUG"]
[SourceTitle "CBM 099 Extra"]
[Source "ChessBase"]
[SourceDate "2004.05.04"]
[SourceVersion "1"]
[SourceVersionDate "2004.05.04"]
[SourceQuality "1"]

1. e4 d5 2. exd5 Qxd5 3. Nc3 Qd6 4. d4 Nf6 5. g3 Bg4 6. Qd3 a6 7. Bg2 Nc6 8. Bf4 Qe6+ 9. Nge2 0-0-0 10. 0-0 Nb4 11. Qd2 Qb6 12. Na4 Qb5 13. Nec3 Qh5 14. a3 Nbd5 15. Nxd5 Nxd5 16. c4 Nxf4 17. Qxf4 Qf5 18. Qe3 e6 19. Qb3 b5 20. Nc3 Rd6 21. cxb5 Bf3 22. bxa6 Rxa6 23. Qc4 Rc6 24. Qa4 h5 25. d5 Rd6 26. Bxf3 Qxf3 27. Qa8+ 1-0